| 000 | 00883nam a2200277Ia 4500 | ||
|---|---|---|---|
| 003 | GCL | ||
| 008 | 140319s9999 xx 000 0 ara d | ||
| 040 |
_aGCL / _cGCL |
||
| 082 | 0 | 4 |
_a332.53 _bم ت |
| 100 | 1 | _aمحمد عبدالعزيز عجمية | |
| 245 | 1 | 0 |
_aالنقود والبنوك والتجارة الخارجية / _cمحمد عبدالعزيز عجمية |
| 700 | 1 | _aصبحى تادرس قريصة | |
| 260 |
_a[S.N] : _bمطبعة الكرنك |
||
| 300 | _a591 ص | ||
| 490 | _a | ||
| 650 | 0 | 4 | _aالاقتصاد |
| 650 | 0 | 4 | _aالسياسة التجارية |
| 650 | 0 | 4 | _aالتجارة |
| 650 | 0 | 4 | _aالاسواق |
| 650 | 0 | 4 | _aالنقود |
| 650 | 0 | 4 | _aالعلاقات الاقتصادية الدولية |
| 650 | 0 | 4 | _aالتجارة الخارجية |
| 650 | 0 | 4 | _aالاوراق المالية |
| 650 | 0 | 4 | _aالبنوك |
| 942 |
_2ddc _cBK |
||
| 999 |
_c58833 _d58833 |
||